Normal view
MARC view
Entry Personal Name
001 - CONTROL NUMBER
- control field: 78637
003 - CONTROL NUMBER IDENTIFIER
- control field: dpl
005 - DATE AND TIME OF LATEST TRANSACTION
- control field: 20250225115001.0
008 - FIXED-LENGTH DATA ELEMENTS
- fixed length control field: 250225|| aca||aabn | a|a d
040 ## - CATALOGING SOURCE
- Original cataloging agency: dpl
- Transcribing agency: dpl
100 ## - HEADING--PERSONAL NAME
- Personal name: Parvathi, B
670 ## - SOURCE DATA FOUND
- Source citation: Work cat.: (dpl)209714: Parvathi, B., Fundamentals of Computer:, 2022
